[Event "ESP-chT CECLUB Div2"]
[Site "Linares"]
[Date "2019.08.19"]
[Round "1.7"]
[White "Biedma Martin, Enrique"]
[Black "Sos Andreu, Eric"]
[Result "1/2-1/2"]
[WhiteElo "2209"]
[BlackElo "2354"]
[PlyCount "43"]
[EventDate "2019.08.19"]
[EventType "team-swiss"]
[EventRounds "7"]
[EventCountry "ESP"]
[SourceTitle "EXT 2020"]
[Source "ChessBase"]
[SourceDate "2019.10.17"]
[SourceVersion "1"]
[SourceVersionDate "2019.10.17"]
[SourceQuality "1"]
[WhiteTeam "Ciudad de Huelva"]
[BlackTeam "Andreu Paterna II"]
[WhiteTeamCountry "ESP"]
[BlackTeamCountry "ESP"]

1. d4 Nf6 2. Nf3 g6 3. c4 Bg7 4. Nc3 d5 5. Bg5 Ne4 6. cxd5 Nxg5 7. Nxg5 e6 8. Qd2 h6 9. Nh3 exd5 10. Qe3+ Kf8 11. Nf4 c6 12. 0-0-0 Nd7 13. Qd2 Nf6 14. e3 h5 15. Bd3 Bh6 16. Kb1 Qd6 17. h4 Kg7 18. g3 Bg4 19. Be2 Bf5+ 20. Bd3 Bg4 21. Be2 Bf5+ 22. Bd3 1/2-1/2

[Event "Seville op 43rd"]
[Site "Seville"]
[Date "2018.01.14"]
[Round "3"]
[White "Biedma Martin, Enrique"]
[Black "Santos Latasa, Jaime"]
[Result "1/2-1/2"]
[WhiteElo "2280"]
[BlackElo "2546"]
[PlyCount "94"]
[EventDate "2018.01.12"]
[EventType "swiss"]
[EventRounds "9"]
[EventCountry "ESP"]
[SourceTitle "CBM 182 Extra"]
[Source "ChessBase"]
[SourceDate "2018.02.23"]
[SourceVersion "1"]
[SourceVersionDate "2018.02.23"]
[SourceQuality "1"]

1. d4 f5 2. Nf3 Nf6 3. g3 g6 4. Bg2 Bg7 5. 0-0 0-0 6. c4 d6 7. Nc3 Na6 8. Rb1 c5 9. d5 Nc7 10. b3 Rb8 11. Bb2 b5 12. Nxb5 Nxb5 13. cxb5 Rxb5 14. Bc3 Ne4 15. Bxg7 Kxg7 16. Qc2 Bb7 17. Nd2 Nf6 18. Qd3 Rb4 19. Nc4 Ba6 20. a3 Rb8 21. Qc3 Qc7 22. e4 fxe4 23. Bxe4 Bxc4 24. bxc4 Rxb1 25. Rxb1 Rb8 26. Rxb8 Qxb8 27. Bc2 Qc8 28. f3 Kf7 29. Kf2 Nd7 30. Bd1 Ne5 31. Qc2 Qa6 32. f4 Nd7 33. Qb3 Nf6 34. g4 Qc8 35. g5 Ne8 36. Qd3 Ng7 37. h3 Qb7 38. Qb3 Qxb3 39. Bxb3 Nf5 40. Bc2 Nd4 41. Bd3 a5 42. h4 Kg7 43. Kg3 Nf5+ 44. Bxf5 gxf5 45. h5 a4 46. Kf3 Kf7 47. Ke3 Kg7 1/2-1/2

[Event "ESP-chT CECLUB Div2 Gp2"]
[Site "Burguillos"]
[Date "2012.08.11"]
[Round "5.2"]
[White "Aranaz Portugues, Jose Carlos"]
[Black "Biedma Martin, Enrique"]
[Result "1-0"]
[WhiteElo "2176"]
[BlackElo "2308"]
[PlyCount "127"]
[EventDate "2012.08.08"]
[EventType "team-swiss"]
[EventRounds "6"]
[EventCountry "ESP"]
[SourceTitle "CBM 149 Extra"]
[Source "ChessBase"]
[SourceDate "2012.08.24"]
[SourceVersion "1"]
[SourceVersionDate "2012.08.24"]
[SourceQuality "1"]
[WhiteTeam "Alekhine Espartinas"]
[BlackTeam "Huelva"]
[WhiteTeamCountry "ESP"]
[BlackTeamCountry "ESP"]

1. d4 d5 2. c4 c6 3. Nf3 Nf6 4. Nc3 e6 5. cxd5 cxd5 6. Bg5 Be7 7. e3 Nc6 8. Bd3 0-0 9. 0-0 h6 10. Bh4 Bd7 11. Rc1 Rc8 12. Bb1 a6 13. a3 Be8 14. Ne5 Nxe5 15. dxe5 Nd7 16. Bxe7 Qxe7 17. Nxd5 exd5 18. Rxc8 Qxe5 19. Qd4 Qh5 20. Qb4 b6 21. Qe7 Nf6 22. Bd3 b5 23. h3 Qh4 24. Rfc1 Qa4 25. Bc2 Qa5 26. Rd1 Qb6 27. Bb3 Qe6 28. Qb7 Qe5 29. Rd4 Qf5 30. Bc2 Qe6 31. b4 Bd7 32. Rxf8+ Kxf8 33. Qa8+ Ke7 34. Bb3 Qc6 35. Qxc6 Bxc6 36. f3 Bb7 37. Kf2 Bc6 38. Ke2 Bb7 39. Kd2 Bc6 40. Kc3 Bb7 41. a4 bxa4 42. Bxa4 Ke6 43. Rd1 Ke5 44. Bc2 Ne8 45. Ra1 Nc7 46. Bd3 Kd6 47. h4 Bc8 48. Ra5 Bb7 49. Kb3 Kc6 50. e4 Kd6 51. exd5 Bxd5+ 52. Bc4 Bxc4+ 53. Kxc4 Kc6 54. Ra1 Kb6 55. Rd1 Kc6 56. Rd8 Ne6 57. Ra8 Kb7 58. Re8 Kc6 59. Re7 Nf4 60. g3 Ng6 61. Re8 Kd7 62. Ra8 Ne5+ 63. Kd5 Nxf3 64. Ra7+ 1-0

[Event "ESP-chT CECLUB Div2 Gp2"]
[Site "Burguillos"]
[Date "2012.08.10"]
[Round "4.2"]
[White "Garrido Dominguez, Jesus"]
[Black "Biedma Martin, Enrique"]
[Result "1-0"]
[WhiteElo "2381"]
[BlackElo "2308"]
[PlyCount "89"]
[EventDate "2012.08.08"]
[EventType "team-swiss"]
[EventRounds "6"]
[EventCountry "ESP"]
[SourceTitle "CBM 149 Extra"]
[Source "ChessBase"]
[SourceDate "2012.08.24"]
[SourceVersion "1"]
[SourceVersionDate "2012.08.24"]
[SourceQuality "1"]
[WhiteTeam "Oromana"]
[BlackTeam "Huelva"]
[WhiteTeamCountry "ESP"]
[BlackTeamCountry "ESP"]

1. Nf3 e5 2. e4 Nc6 3. d4 exd4 4. Nxd4 d6 5. Nc3 Bd7 6. Be2 Nf6 7. 0-0 Be7 8. Be3 0-0 9. Nb3 Re8 10. f3 Bf8 11. g4 h6 12. Kh1 d5 13. Nxd5 Nxd5 14. Qxd5 Bxg4 15. Qxd8 Raxd8 16. Bf4 Bh5 17. Bxc7 Rc8 18. Bg3 f5 19. Rae1 fxe4 20. fxe4 Bg6 21. Bc4+ Kh7 22. Bf7 Bxe4+ 23. Kg1 Re7 24. Bd6 Rd7 25. Be6 Rxd6 26. Bxc8 Rg6+ 27. Kf2 Bxc2 28. Ke3 Be7 29. Bxb7 Bg5+ 30. Kf3 Nb4 31. Nd4 Bd3 32. Be4 Bxe4+ 33. Kxe4 Nxa2 34. Rf7 Bf6 35. Ne6 Rg2 36. Rf1 Re2+ 37. Kd5 Rd2+ 38. Kc4 Kg6 39. Rb7 a5 40. Rg1+ Kf5 41. Nxg7+ Bxg7 42. Rgxg7 Nb4 43. Rb5+ Kf6 44. Ra7 Rxh2 45. Rb6+ 1-0

[Event "ESP-chT2 Gr2"]
[Site "Granada"]
[Date "2010.08.07"]
[Round "5"]
[White "Fernandez Barrera, Victor"]
[Black "Biedma Martin, Enrique"]
[Result "0-1"]
[WhiteElo "2326"]
[BlackElo "2265"]
[PlyCount "86"]
[EventDate "2010.08.04"]
[EventType "team-tourn"]
[EventRounds "6"]
[EventCountry "ESP"]
[SourceTitle "CBM 137 Extra"]
[Source "ChessBase"]
[SourceDate "2010.09.01"]
[SourceVersion "1"]
[SourceVersionDate "2010.09.01"]
[SourceQuality "1"]

1. e4 e5 2. Nf3 Nc6 3. d4 exd4 4. Nxd4 d6 5. Bb5 Bd7 6. Bxc6 bxc6 7. 0-0 Nf6 8. Nc3 Be7 9. Re1 0-0 10. Bg5 h6 11. Bh4 Rb8 12. b3 Re8 13. Qf3 Nh7 14. Bxe7 Qxe7 15. Rad1 Qe5 16. Qd3 Qa5 17. Re3 Nf8 18. Rg3 c5 19. Nf5 Bxf5 20. exf5 Nd7 21. Qf3 Nf6 22. h3 Re5 23. Qd3 Qb4 24. Qd2 Kf8 25. Rf3 Rbe8 26. Rf4 Qb7 27. Qd3 Qc8 28. Kh2 Kg8 29. Rd2 d5 30. Re2 Rxe2 31. Nxe2 Qd7 32. Ng3 Qd6 33. Qf3 Re1 34. Ra4 a6 35. Qd3 h5 36. Rxa6 Qe5 37. Ra4 c4 38. bxc4 h4 39. cxd5 hxg3+ 40. fxg3 Qa1 41. g4 Qe5+ 42. g3 Re3 43. Qf1 Qxg3+ 0-1

[Event "ESP-chT2"]
[Site "Vila Real"]
[Date "2001.08.15"]
[Round "3"]
[White "Gonzalez de la Nava, Amador"]
[Black "Biedma Martin, Enrique"]
[Result "1-0"]
[WhiteElo "2345"]
[BlackElo "2283"]
[PlyCount "55"]
[EventDate "2001.08.13"]
[EventType "team"]
[EventRounds "7"]
[EventCountry "ESP"]
[SourceTitle "EXT 2002"]
[Source "ChessBase"]
[SourceDate "2001.11.25"]
[SourceVersion "1"]
[SourceVersionDate "2001.11.25"]
[SourceQuality "1"]

1. d4 Nf6 2. Nf3 e6 3. Bg5 c5 4. e3 Be7 5. c4 cxd4 6. exd4 d6 7. Nc3 0-0 8. Bd3 b6 9. Bxf6 Bxf6 10. Be4 d5 11. cxd5 Bb7 12. dxe6 Bxe4 13. Nxe4 fxe6 14. 0-0 Qd5 15. Nxf6+ Rxf6 16. Qb3 Qd6 17. Rfd1 Nd7 18. Rac1 Raf8 19. Rc3 Rf5 20. Rdc1 Rd5 21. Rc6 Qf4 22. Qe3 Qxe3 23. fxe3 e5 24. Rc7 exd4 25. exd4 g5 26. Nxg5 Rxg5 27. Rxd7 Rgf5 28. h3 1-0

[Event "Malaga op 4th"]
[Site "Malaga"]
[Date "2001.02.28"]
[Round "6"]
[White "Biedma Martin, Enrique"]
[Black "Milla de Marco, Carlos"]
[Result "1-0"]
[WhiteElo "2288"]
[BlackElo "2067"]
[PlyCount "43"]
[EventDate "2001.02.23"]
[EventType "swiss"]
[EventRounds "9"]
[EventCountry "ESP"]
[SourceTitle "EXT 2002"]
[Source "ChessBase"]
[SourceDate "2001.11.25"]
[SourceVersion "1"]
[SourceVersionDate "2001.11.25"]
[SourceQuality "1"]

1. e4 e5 2. Nf3 d5 3. Nxe5 Bd6 4. d4 dxe4 5. Nc4 Nf6 6. Nxd6+ Qxd6 7. Be2 c5 8. Be3 cxd4 9. Qxd4 Qe6 10. Nc3 Nc6 11. Qc5 Nd7 12. Qa3 a6 13. 0-0-0 Rb8 14. Nd5 Kd8 15. Bb6+ Nxb6 16. Nf4+ Qd7 17. Rxd7+ Bxd7 18. Qb3 Kc7 19. Qg3 Ne5 20. Ng6 hxg6 21. Qxe5+ Kc8 22. Qc5+ 1-0

[Event "Malaga op 4th"]
[Site "Malaga"]
[Date "2001.02.26"]
[Round "4"]
[White "Biedma Martin, Enrique"]
[Black "Garcia Jimenez, Francisco Javier"]
[Result "1-0"]
[WhiteElo "2288"]
[BlackElo "2130"]
[PlyCount "91"]
[EventDate "2001.02.23"]
[EventType "swiss"]
[EventRounds "9"]
[EventCountry "ESP"]
[SourceTitle "EXT 2002"]
[Source "ChessBase"]
[SourceDate "2001.11.25"]
[SourceVersion "1"]
[SourceVersionDate "2001.11.25"]
[SourceQuality "1"]

1. d4 e5 2. dxe5 Nc6 3. Nf3 Qe7 4. g3 Nxe5 5. Bg2 Nf6 6. 0-0 d6 7. b3 Bd7 8. Bb2 0-0-0 9. c4 h5 10. h4 Ne8 11. Nxe5 dxe5 12. Qd5 Bc6 13. Qxe5 Bxg2 14. Qxe7 Bxe7 15. Kxg2 Bf6 16. Bxf6 Nxf6 17. Nc3 Rd2 18. Rfd1 Rhd8 19. Rxd2 Rxd2 20. Rc1 Ng4 21. Kf1 Rd6 22. f3 Ne3+ 23. Kf2 Nf5 24. Rd1 Rg6 25. Ne4 Ra6 26. Rd2 Ne7 27. Nc3 Re6 28. Nd5 Nxd5 29. Rxd5 g6 30. e4 c6 31. Rd4 Kc7 32. Ke3 Kc8 33. Rd2 Kc7 34. g4 hxg4 35. fxg4 f5 36. gxf5 gxf5 37. e5 Rxe5+ 38. Kf3 Re4 39. Rh2 Kd7 40. h5 Re7 41. Kf4 Ke8 42. h6 Rh7 43. Kxf5 Kf7 44. Kg5 b5 45. cxb5 cxb5 46. Rc2 1-0

[Event "Seville op 26th"]
[Site "Seville"]
[Date "2001.01.20"]
[Round "9"]
[White "Biedma Martin, Enrique"]
[Black "Candilejo Ronchel, Antonio"]
[Result "1-0"]
[WhiteElo "2288"]
[BlackElo "2118"]
[PlyCount "71"]
[EventDate "2001.01.12"]
[EventType "swiss"]
[EventRounds "9"]
[EventCountry "ESP"]
[SourceTitle "CBM 080 Extra"]
[Source "ChessBase"]
[SourceDate "2001.03.08"]
[SourceVersion "1"]
[SourceVersionDate "2001.03.08"]
[SourceQuality "1"]

1. e4 e6 2. Nf3 c5 3. Nc3 a6 4. d4 cxd4 5. Nxd4 d6 6. Be2 Nf6 7. 0-0 Be7 8. f4 0-0 9. Kh1 b5 10. Bf3 Ra7 11. Be3 Rd7 12. f5 e5 13. Nde2 Bb7 14. Ng3 d5 15. Nxd5 Nxd5 16. exd5 Bxd5 17. Bxd5 Rxd5 18. Qf3 Qd7 19. f6 Bxf6 20. Nh5 Bh4 21. Rad1 Rxd1 22. Rxd1 e4 23. Qe2 Qe6 24. Nf4 Qc4 25. Qxc4 bxc4 26. Rd4 f5 27. Rxc4 Bf6 28. b4 Re8 29. a4 Be5 30. g3 Bxf4 31. gxf4 Kf7 32. b5 axb5 33. axb5 Ke6 34. b6 Re7 35. Rc8 Rb7 36. Rc7 1-0

[Event "Seville op 26th"]
[Site "Seville"]
[Date "2001.01.19"]
[Round "8"]
[White "Teran Alvarez, Ismael"]
[Black "Biedma Martin, Enrique"]
[Result "1/2-1/2"]
[WhiteElo "2356"]
[BlackElo "2288"]
[PlyCount "31"]
[EventDate "2001.01.12"]
[EventType "swiss"]
[EventRounds "9"]
[EventCountry "ESP"]
[SourceTitle "CBM 080 Extra"]
[Source "ChessBase"]
[SourceDate "2001.03.08"]
[SourceVersion "1"]
[SourceVersionDate "2001.03.08"]
[SourceQuality "1"]

1. e4 e5 2. Nf3 Nc6 3. Bb5 a6 4. Ba4 Nf6 5. 0-0 Be7 6. Re1 b5 7. Bb3 d6 8. c3 0-0 9. h3 Na5 10. Bc2 c5 11. d4 Qc7 12. Nbd2 cxd4 13. cxd4 Bb7 14. Nf1 Rac8 15. Bb1 d5 16. Nxe5 1/2-1/2

[Event "Seville op 26th"]
[Site "Seville"]
[Date "2001.01.16"]
[Round "5"]
[White "Biedma Martin, Enrique"]
[Black "Ferrer Garcia, Isaac"]
[Result "1-0"]
[WhiteElo "2288"]
[BlackElo "2135"]
[PlyCount "95"]
[EventDate "2001.01.12"]
[EventType "swiss"]
[EventRounds "9"]
[EventCountry "ESP"]
[SourceTitle "CBM 080 Extra"]
[Source "ChessBase"]
[SourceDate "2001.03.08"]
[SourceVersion "1"]
[SourceVersionDate "2001.03.08"]
[SourceQuality "1"]

1. d4 e6 2. Nf3 d5 3. c4 Nf6 4. Nc3 Nbd7 5. Bg5 Bb4 6. cxd5 exd5 7. Qb3 c5 8. a3 Qa5 9. Rc1 Bxc3+ 10. Qxc3 Qxc3+ 11. bxc3 c4 12. Nd2 0-0 13. e3 Re8 14. Be2 h6 15. Bh4 Ne4 16. Nxe4 Rxe4 17. Bg3 Re8 18. Kd2 Nf6 19. f3 Bf5 20. Rhe1 Re6 21. e4 dxe4 22. Bxc4 Rb6 23. Be5 exf3 24. Bxf6 Rxf6 25. gxf3 Be6 26. Be2 Rd8 27. Ke3 Bf5 28. Red1 Re8+ 29. Kf2 Rb6 30. Rd2 Rb3 31. a4 Rc8 32. c4 Ra3 33. Bd1 Bd7 34. Rb2 Bxa4 35. Bxa4 Rxa4 36. Rxb7 Rcxc4 37. Rxc4 Rxc4 38. Rb8+ Kh7 39. Ke3 Kg6 40. d5 Kf6 41. Re8 Rc7 42. Kd4 Re7 43. Ra8 Rd7 44. Re8 Re7 45. Ra8 Re2 46. d6 Rxh2 47. Re8 g5 48. Ke3 1-0

[Event "Seville op 26th"]
[Site "Seville"]
[Date "2001.01.15"]
[Round "4"]
[White "Alonso, Salvador"]
[Black "Biedma Martin, Enrique"]
[Result "1/2-1/2"]
[WhiteElo "2429"]
[BlackElo "2288"]
[PlyCount "97"]
[EventDate "2001.01.12"]
[EventType "swiss"]
[EventRounds "9"]
[EventCountry "ESP"]
[SourceTitle "CBM 080 Extra"]
[Source "ChessBase"]
[SourceDate "2001.03.08"]
[SourceVersion "1"]
[SourceVersionDate "2001.03.08"]
[SourceQuality "1"]

1. e4 e5 2. Nf3 Nc6 3. Bb5 a6 4. Ba4 d6 5. 0-0 Bd7 6. c3 Nge7 7. d4 Ng6 8. Be3 Be7 9. d5 Nb8 10. Bxd7+ Nxd7 11. g3 0-0 12. c4 f5 13. exf5 Rxf5 14. Nbd2 Qf8 15. Kg2 h5 16. h4 Qf7 17. Ne4 Ngf8 18. Bg5 Nh7 19. Bxe7 Qxe7 20. Nfg5 Nxg5 21. hxg5 Nc5 22. Nxc5 dxc5 23. Qxh5 Rxg5 24. Qh4 Rf8 25. Qe4 Rf4 26. Qe2 Qf6 27. Rae1 Rd4 28. Rh1 Qf5 29. b3 a5 30. Qf3 Rd2 31. Re2 Qxf3+ 32. Kxf3 Rd3+ 33. Re3 Rd2 34. Re2 Rd3+ 35. Kg2 a4 36. bxa4 Rc3 37. Rb1 b6 38. a5 bxa5 39. Rb8+ Kh7 40. Rb7 Rxc4 41. Rxc7 e4 42. d6 Rd5 43. d7 Rcd4 44. Kf1 Rxd7 45. Rxc5 Ra4 46. Rc1 Rd3 47. Rb2 e3 48. Ke2 Raa3 49. f4 1/2-1/2

[Event "ESP-chT2"]
[Site "Vila Real"]
[Date "2001.??.??"]
[Round "6"]
[White "Biedma Martin, Enrique"]
[Black "Valles Moreno, Ivan"]
[Result "1/2-1/2"]
[WhiteElo "2283"]
[BlackElo "2181"]
[PlyCount "79"]
[EventDate "2001.08.13"]
[EventType "team"]
[EventRounds "7"]
[EventCountry "ESP"]
[SourceTitle "EXT 2003"]
[Source "ChessBase"]
[SourceDate "2002.11.25"]
[SourceVersion "1"]
[SourceVersionDate "2002.11.25"]
[SourceQuality "1"]

1. d4 Nf6 2. Nf3 e6 3. c4 d5 4. Nc3 c6 5. cxd5 exd5 6. Bg5 h6 7. Bh4 Bf5 8. Qb3 g5 9. Bg3 Qb6 10. e3 Nbd7 11. Be2 Qxb3 12. axb3 Nh5 13. Kd2 Be7 14. Ne1 Ng7 15. f3 Ne6 16. h4 0-0 17. Nd3 Bg6 18. hxg5 hxg5 19. Ne5 Nxe5 20. Bxe5 f6 21. Bg3 Kg7 22. Bd3 a6 23. Bxg6 Kxg6 24. Rh2 Rh8 25. Rah1 Rxh2 26. Rxh2 Bf8 27. Kd3 Bg7 28. Bf2 f5 29. Na4 f4 30. Nc3 Rd8 31. Ne2 Bf6 32. Rh1 Rd7 33. exf4 gxf4 34. Be1 c5 35. dxc5 Nxc5+ 36. Kc2 Be5 37. Bd2 Ne6 38. Rh4 Rc7+ 39. Kd1 Rf7 40. Nc1 1/2-1/2

[Event "ESP-chT"]
[Site "Barcelona"]
[Date "2000.08.12"]
[Round "8"]
[White "Candela Perez, Jose"]
[Black "Biedma Martin, Enrique"]
[Result "1-0"]
[WhiteElo "2416"]
[BlackElo "2278"]
[PlyCount "119"]
[EventDate "2000.08.05"]
[EventType "team"]
[EventRounds "9"]
[EventCountry "ESP"]
[SourceTitle "CBM 077 Extra"]
[Source "ChessBase"]
[SourceDate "2000.09.14"]
[SourceVersion "1"]
[SourceVersionDate "2000.09.14"]
[SourceQuality "1"]

1. d4 d6 2. e4 Nf6 3. Nc3 c6 4. g3 Nbd7 5. Bg2 e5 6. Nge2 Be7 7. a4 b6 8. 0-0 0-0 9. h3 Bb7 10. f4 a6 11. Be3 b5 12. Qd3 Qc7 13. g4 b4 14. Nd1 c5 15. d5 exf4 16. Bxf4 Ne8 17. g5 Ne5 18. Qg3 g6 19. Ne3 Bc8 20. h4 Ng7 21. Bxe5 dxe5 22. Nc4 Bd6 23. Bh3 Nh5 24. Qf3 Bxh3 25. Qxh3 Nf4 26. Qh2 Rae8 27. Nxf4 exf4 28. Nxd6 Qxd6 29. Rxf4 Qe5 30. Re1 Qxb2 31. Qf2 Qd4 32. Qxd4 cxd4 33. Rd1 Rc8 34. Rxd4 a5 35. Rf2 Rfd8 36. e5 Rc5 37. Rfd2 Re8 38. Re2 Kf8 39. Kf2 Rc3 40. Rd3 Rxd3 41. cxd3 Rc8 42. Ke3 Rc3 43. Kd4 Ra3 44. Rc2 Rxa4 45. Rc8+ Ke7 46. d6+ Kd7 47. Rc7+ Ke8 48. Kd5 Ra3 49. d4 Rc3 50. Re7+ Kf8 51. Ra7 Ke8 52. Rxa5 b3 53. Ra8+ Kd7 54. Rb8 Rh3 55. Kc4 Rxh4 56. Rxb3 h5 57. Kd5 Rh1 58. Rb7+ Ke8 59. Re7+ Kf8 60. Rc7 1-0

[Event "ESP-chT"]
[Site "Barcelona"]
[Date "2000.08.10"]
[Round "6"]
[White "Biedma Martin, Enrique"]
[Black "Merino Garcia, Rafael"]
[Result "1/2-1/2"]
[WhiteElo "2278"]
[BlackElo "2322"]
[PlyCount "166"]
[EventDate "2000.08.05"]
[EventType "team"]
[EventRounds "9"]
[EventCountry "ESP"]
[SourceTitle "CBM 077 Extra"]
[Source "ChessBase"]
[SourceDate "2000.09.14"]
[SourceVersion "1"]
[SourceVersionDate "2000.09.14"]
[SourceQuality "1"]

1. e4 c5 2. c3 e6 3. d4 d5 4. exd5 exd5 5. Nf3 Nf6 6. Bb5+ Nc6 7. 0-0 Be7 8. dxc5 Bxc5 9. Bg5 Be6 10. Nbd2 0-0 11. Nb3 Bb6 12. Nfd4 Nxd4 13. Nxd4 Bc7 14. Bh4 Be5 15. Re1 Qd6 16. Nf3 Bg4 17. Bg3 Bxg3 18. hxg3 Qb6 19. Qb3 Rad8 20. Nd4 a6 21. Bd3 Qc7 22. Re3 Rfe8 23. Rae1 Rxe3 24. Rxe3 Bc8 25. Qd1 Ng4 26. Re1 g6 27. Qd2 Qd6 28. Qf4 Qxf4 29. gxf4 Kf8 30. f3 Nf6 31. Kf2 h5 32. g3 Re8 33. Rxe8+ Kxe8 34. Ke3 Ke7 35. Bc2 Kd6 36. Bb3 Bd7 37. Nc2 Ne8 38. a3 Ng7 39. Nd4 Nf5+ 40. Nxf5+ Bxf5 41. Kd4 Be6 42. Ba2 f6 43. f5 Bxf5 44. Bxd5 b6 45. b4 g5 46. c4 h4 47. gxh4 gxh4 48. c5+ bxc5+ 49. bxc5+ Kc7 50. Ke3 Bd7 51. Kf4 a5 52. Be4 Be6 53. Ba8 f5 54. Ke3 Bd7 55. Bd5 Bc6 56. Be6 h3 57. Kf2 h2 58. Kg2 Bxf3+ 59. Kxh2 f4 60. Kh3 Kc6 61. Kh4 Be4 62. Kg4 f3 63. Kf4 f2 64. Bh3 Bd3 65. Ke3 f1Q 66. Bxf1 Bxf1 67. Kd4 Kb5 68. Kc3 Kxc5 69. a4 Bc4 70. Kb2 Kb4 71. Ka1 Kxa4 72. Kb2 Kb4 73. Ka1 Kb3 74. Kb1 Bd3+ 75. Ka1 Kc2 76. Ka2 a4 77. Ka1 Bb5 78. Ka2 Be8 79. Ka1 Kb3 80. Kb1 Bg6+ 81. Ka1 Bf7 82. Kb1 a3 83. Ka1 a2 1/2-1/2

[Event "ESP-chT"]
[Site "Barcelona"]
[Date "2000.08.09"]
[Round "5"]
[White "Martinez Martin, David"]
[Black "Biedma Martin, Enrique"]
[Result "0-1"]
[WhiteElo "2283"]
[BlackElo "2278"]
[PlyCount "58"]
[EventDate "2000.08.05"]
[EventType "team"]
[EventRounds "9"]
[EventCountry "ESP"]
[SourceTitle "CBM 077 Extra"]
[Source "ChessBase"]
[SourceDate "2000.09.14"]
[SourceVersion "1"]
[SourceVersionDate "2000.09.14"]
[SourceQuality "1"]

1. d4 Nf6 2. c4 e6 3. Nc3 Bb4 4. e3 0-0 5. Bd3 c5 6. Nge2 cxd4 7. exd4 d5 8. a3 dxc4 9. Bxc4 Be7 10. 0-0 Nbd7 11. Re1 Nb6 12. Ba2 Bd7 13. Bg5 Bc6 14. Qd3 Nfd5 15. Bxe7 Qxe7 16. Rad1 Rfd8 17. Bb1 g6 18. Qg3 Nxc3 19. Nxc3 Qf6 20. Ne4 Bxe4 21. Rxe4 Rd7 22. Ba2 Rad8 23. Qe3 Nd5 24. Qg3 Ne7 25. h3 Nc6 26. Rf4 Qg7 27. d5 Qxb2 28. Bb3 exd5 29. Qf3 Qxa3 0-1

[Event "Seville op 24th"]
[Site "Seville"]
[Date "1999.??.??"]
[Round "5"]
[White "Biedma Martin, Enrique"]
[Black "Barrero Garcia, Carlos"]
[Result "1-0"]
[WhiteElo "2195"]
[BlackElo "2270"]
[PlyCount "55"]
[EventDate "1999.01.??"]
[EventType "swiss"]
[EventRounds "9"]
[EventCountry "ESP"]
[SourceTitle "EXT 2000"]
[Source "ChessBase"]
[SourceDate "1999.11.16"]
[SourceVersion "1"]
[SourceVersionDate "1999.11.16"]
[SourceQuality "1"]

1. e4 e6 2. d4 d5 3. exd5 exd5 4. c4 Bb4+ 5. Nc3 Ne7 6. Nf3 0-0 7. Bg5 f6 8. Bd2 Kh8 9. cxd5 Nxd5 10. Be2 Nc6 11. 0-0 Bg4 12. h3 Bh5 13. Rc1 Re8 14. Nxd5 Bxd2 15. Qxd2 Qxd5 16. Rc5 Bxf3 17. Rxd5 Bxd5 18. Bb5 Rad8 19. Bxc6 Bxc6 20. Re1 Rxe1+ 21. Qxe1 Rxd4 22. Qa5 h6 23. Qxa7 Rd1+ 24. Kh2 Rd2 25. b4 Bd5 26. a4 Kh7 27. Qe3 Rd1 28. Qc3 1-0

[Event "Seville op 24th"]
[Site "Seville"]
[Date "1999.??.??"]
[Round "6"]
[White "Yakovich, Yuri"]
[Black "Biedma Martin, Enrique"]
[Result "1/2-1/2"]
[WhiteElo "2560"]
[BlackElo "2195"]
[PlyCount "89"]
[EventDate "1999.01.??"]
[EventType "swiss"]
[EventRounds "9"]
[EventCountry "ESP"]
[SourceTitle "EXT 2000"]
[Source "ChessBase"]
[SourceDate "1999.11.16"]
[SourceVersion "1"]
[SourceVersionDate "1999.11.16"]
[SourceQuality "1"]

1. d4 Nf6 2. c4 e6 3. Nf3 d5 4. Nc3 Be7 5. Bf4 0-0 6. e3 c6 7. h3 Nbd7 8. Qc2 Re8 9. Rd1 Bf8 10. Bd3 dxc4 11. Bxc4 Nd5 12. Bg3 Nxc3 13. bxc3 b6 14. 0-0 Bb7 15. e4 Qc8 16. Bd3 c5 17. Qe2 a6 18. a4 Bc6 19. Qc2 Qb7 20. Nd2 Rac8 21. Nc4 cxd4 22. cxd4 Qa8 23. Ra1 Bxa4 24. Qxa4 b5 25. Qxa6 Qxa6 26. Rxa6 bxc4 27. Bc2 Nb8 28. Rb6 Red8 29. d5 exd5 30. exd5 Bc5 31. Rb5 Bd6 32. Bf5 Rc5 33. Rxc5 Bxc5 34. Rd1 g6 35. Bc7 Re8 36. Bg4 h5 37. Bf3 Na6 38. Ba5 Bb4 39. Bb6 c3 40. Rc1 Rc8 41. Bd1 Bc5 42. Ba5 Bb4 43. Bb6 Bc5 44. Ba5 Bb4 45. Bb6 1/2-1/2

[Event "ESP-chT"]
[Site "Cordoba"]
[Date "1995.??.??"]
[Round "5"]
[White "Biedma Martin, Enrique"]
[Black "Lezcano Jaen, Pedro"]
[Result "0-1"]
[WhiteElo "2175"]
[BlackElo "2340"]
[PlyCount "126"]
[EventDate "1995.??.??"]
[EventType "team"]
[EventRounds "9"]
[EventCountry "ESP"]
[SourceTitle "EXT 2000"]
[Source "ChessBase"]
[SourceDate "1999.11.16"]
[SourceVersion "1"]
[SourceVersionDate "1999.11.16"]
[SourceQuality "1"]

1. e4 d6 2. d4 Nf6 3. Nc3 g6 4. Nf3 Bg7 5. Be2 0-0 6. 0-0 c6 7. h3 Nbd7 8. e5 Ne8 9. Bf4 dxe5 10. dxe5 Nc7 11. Re1 Ne6 12. Bg3 b5 13. Nd4 Nxd4 14. Qxd4 Nxe5 15. Qxd8 Rxd8 16. Bxb5 cxb5 17. Bxe5 b4 18. Bxg7 Kxg7 19. Na4 Kf8 20. c4 bxc3 21. Nxc3 Be6 22. Red1 Rab8 23. b3 g5 24. Kf1 h6 25. Ke2 Rdc8 26. Rac1 Rc7 27. Ne4 Rxc1 28. Rxc1 Bd5 29. f3 f5 30. Nc5 Kf7 31. Rc3 h5 32. Nd3 Kf6 33. Rc7 Rb7 34. Rxb7 Bxb7 35. b4 Bc6 36. g4 fxg4 37. fxg4 h4 38. Ne1 Bb5+ 39. Nd3 Ke6 40. Ke3 Kd5 41. Nf2 Bf1 42. b5 Bg2 43. Kd3 e6 44. a3 Bf1+ 45. Ke3 Bg2 46. Kd3 e5 47. a4 Bf1+ 48. Ke3 Kc4 49. Ne4 Bxh3 50. Kf3 Kb4 51. Nxg5 Bf1 52. Kf2 Bc4 53. Nf3 Kxa4 54. Nxe5 Kxb5 55. g5 Bd5 56. Nf3 a5 57. Nxh4 a4 58. Nf3 a3 59. Nd4+ Kc4 60. Ke3 a2 61. Nc2 Kc3 62. Na1 Kb2 63. Kd2 Kxa1 0-1